Modele samochodów na literę B - Statystyki

Ogólne statystyki
  • Ten quiz został rozwiązany 25 razy
  • Średni wynik to 6 z 31
Statystyki odpowiedzi
Marka Model % Poprawnych
Mazda B
100%
Mercedes B-klasa
70%
Fiat Bravo
57%
Citroen Berlingo
48%
Peugeot Boxer
43%
Maserati, Volkswagen Bora
39%
Ford Bronco
39%
Fiat Brava
35%
Volkswagen Beetle
30%
Ford B-Max
26%
Suzuki Baleno
22%
Bentley Bentayga
17%
Alfa Romeo Brera
17%
Porsche Boxster
13%
Subaru BRZ
13%
Fiat Barchetta
9%
Hyundai Bayon
9%
Lancia Beta
9%
Peugeot Bipper
9%
Maserati Biturbo
9%
Cupra Born
9%
Citroen BX
9%
Chevrolet Blazer
4%
Cadillac BLS
4%
Datsun/Nissan Bluebird
4%
Kia Besta
0%
Bentley Brooklands
0%
Brillance BS4
0%
Brillance BS6
0%
Mazda BT-50
0%
Toyota bZ4X
0%
Nie znaleziono quizów pasujących do podanych kryteriów
Rozkład punktacji
Procent ludzi z każdym wynikiem
Percentyl według liczby udzielonych odpowiedzi
Twoja historia wyników
Nie rozwiązałeś tego quizu